• 首页
  • 本馆介绍
  • 公告通知
  • 最新文献
  • 馆藏检索
  • 电子资源
  • 读者导购
  • 参考咨询
  • 我的图书馆
  • 登录
  • 详细信息显示
  • 放入我的书架
  • 预约/预借图书
  • 作者相关作品
  • 分类相关作品
  • 丛书相关作品
  • 出版社相关作品

书目信息

  • 表格格式
  • 工作单格式
  • 卡片格式
题名:
运动生物化学
    
 
作者: 冯美云 主编
分册:  
出版信息: 北京   人民体育出版社  1999
页数: 23,441页
开本: 20cm
丛书名:
单 册:
中图分类: G804.7
科图分类:
主题词: 运动生物化学--高等学校--教材 , 运动生物化学
电子资源:
ISBN: 7-5009-1805-4
000 00778nam0 2200241 450
001 0199063570
005 20070618082803.14
010    @a7-5009-1805-4@dCNY23.00
100    @a20030305e20031999em y0chiy0110 ea
101 0  @achi@eeng
102    @aCN@b110000
105    @aak z 000yy
200 1  @a运动生物化学@9yun dong sheng wu hua xue@f冯美云主编
210    @a北京@c人民体育出版社@d1999@h2003
215    @a23,441页@c图@d20cm
300    @a国家体育总局重点教材 全国体育院校通用教材
330    @a本书分为生物分子概论;运动时物质代谢和能量代谢及其调节;运动训练的生物化学等4篇内容。
606 0  @a运动生物化学@x高等学校@j教材
606 0  @a运动生物化学
690    @aG804.7@v4
701  0 @a冯美云@9feng mei yun@4主编
801  0 @aCN@bNLC@c20070618
905    @a10447@dG804.7@e233
    
    运动生物化学/冯美云主编.-北京:人民体育出版社,1999(2003)
    23,441页:图;20cm
    国家体育总局重点教材 全国体育院校通用教材
    
    ISBN 7-5009-1805-4:CNY23.00
    本书分为生物分子概论;运动时物质代谢和能量代谢及其调节;运动训练的生物化学等4篇内容。
●
相关链接 在E读中查询图书 在五车中查询图书 在当当中查询图书 在豆瓣中查询图书


正题名:运动生物化学     索取号:G804.7/233         预约/预借

序号 登录号 条形码 馆藏地/架位号 状态 备注
1 0394894   203948942   第一样本阅览室/ [索取号:G804.7/233] 在馆    
2 0394895   203948951   第四借阅区/ [索取号:G804.7/233] 在馆    
3 0394896   203948960   第四借阅区/ [索取号:G804.7/233] 在馆    
4 0394897   203948979   第四借阅区/ [索取号:G804.7/233] 在馆    
5 0394898   203948988   第四借阅区/ [索取号:G804.7/233] 在馆    
6 0654536   206545363   库房3/ [索取号:G804.7/233] 在馆    
7 0654537   206545372   库房3/ [索取号:G804.7/233] 在馆    
8 0654538   206545381   库房3/ [索取号:G804.7/233] 在馆    
唐山师范学院图书馆 欢迎您!
大连网信软件有限公司© 版权所有